War : stories of conflict (Record no. 389034)

MARC details
000 -LEADER
fixed length control field 00285nam a2200097Ia 4500
082 ## - DEWEY DECIMAL CLASSIFICATION NUMBER
Classification number ETF WAR
008 - FIXED-LENGTH DATA ELEMENTS--GENERAL INFORMATION
fixed length control field 210817s9999 xx 000 0 und d
100 ## - MAIN ENTRY--PERSONAL NAME
Personal name MORPURGO, Michael Harlow, Essex, 2006 Educational ed
9 (RLIN) 94782
245 #0 - TITLE STATEMENT
Title War : stories of conflict
942 ## - ADDED ENTRY ELEMENTS
item type Books

No items available.